000 01002cam a2200313 i 4500
001 10751
003 Mx-PuUPA
005 20250721142856.0
008 140415s2010 sp gr 000 0 spa d
017 _aM. 34.664-2010
020 _a9788422014485
040 _aMx-PuUPA
_bspa
_cMx-PuUPA
_dMx-PuUPA
_erda
041 0 _aspa
100 1 _aDomínguez, Pablo,
_d1966-2009
_917347
_eautor
245 1 0 _aLógica :
_bla ciencia del logos /
_cpor Pablo Domínguez Prieto
264 1 _aMadrid :
_bBiblioteca de Autores Cristianos,
_c2010
300 _axix, 417 páginas ;
_c22 cm
336 _2rdacontent
_atexto
_btxt
337 _2rdamedia
_asin medio
_bn
338 _2rdacarrier
_avolumen
_bnc
490 0 _aColección Sapientia Rerum
490 0 _aManuales de Filosfía ;
_v13
650 7 _2armarc
_aLógica
650 7 _2armarc
_aLogos
650 7 _2armarc
_aFilosofía de la naturaleza (Cosmología)
942 _2ddc
_cLI
_h160
_iD66
999 _c10751
_d10751